[Event "Thessaloniki White Tower op-A 44th"]
[Site "Thessaloniki"]
[Date "2024.01.02"]
[Round "1"]
[White "Kosmidis, Ioannis"]
[Black "Ouzounis, Konstantinos Kyr"]
[Result "1-0"]
[WhiteElo "2131"]
[BlackElo "1726"]
[PlyCount "119"]
[EventDate "2024.01.02"]
[EventType "swiss"]
[EventRounds "9"]
[EventCountry "GRE"]
[SourceTitle "CB02_2024"]
[SourceDate "2024.01.10"]
[SourceVersion "1"]
[SourceVersionDate "2024.01.10"]
[SourceQuality "1"]

1. d4 d5 2. c4 c6 3. cxd5 cxd5 4. Bf4 Nf6 5. Nc3 Nc6 6. e3 Bf5 7. Qb3 Na5 8. Qa4+ Bd7 9. Qc2 Rc8 10. Bd3 e6 11. Nf3 Qb6 12. 0-0 Bb4 13. Ne5 h6 14. Nxd7 Nxd7 15. Nxd5 Rxc2 16. Nxb6 Rxb2 17. Na4 Rd2 18. Rfd1 Rxd1+ 19. Rxd1 Ke7 20. e4 Rc8 21. Rb1 Bd6 22. Rc1 Rxc1+ 23. Bxc1 e5 24. dxe5 Nxe5 25. Be2 f6 26. f4 Nd7 27. Kf2 a6 28. Kf3 Nc6 29. Bb2 b5 30. Nc3 Nd4+ 31. Ke3 Nxe2 32. Nxe2 Bc5+ 33. Kd3 Nb6 34. Ng3 Nc4 35. Bc1 Nd6 36. e5 fxe5 37. fxe5 Nf7 38. Nf5+ Ke6 39. Ke4 Nxe5 40. Nxg7+ Kf7 41. Kxe5 Kxg7 42. Kd5 Bb6 43. Kc6 Bd8 44. Be3 h5 45. Bb6 Bf6 46. Bc7 Kg6 47. Kb6 Kf5 48. Kxa6 b4 49. Kb5 Be7 50. Ba5 Bd6 51. h3 Kf4 52. Bxb4 Bb8 53. Be1 Ke3 54. Bh4 Kd4 55. a4 Kd5 56. a5 Ba7 57. Ka6 Be3 58. Kb7 Ke5 59. Bd8 Kf4 60. Bc7+ 1-0

[Event "GRE-ch U20"]
[Site "Trikala"]
[Date "2023.04.18"]
[Round "1"]
[White "Ouzounis, Konstantinos Kyr"]
[Black "Tsarsitalidis, Konstantinos"]
[Result "0-1"]
[WhiteElo "1590"]
[BlackElo "2137"]
[PlyCount "158"]
[EventDate "2023.04.18"]
[EventType "swiss"]
[EventRounds "9"]
[EventCountry "GRE"]
[SourceTitle "EXT 2024"]
[Source "ChessBase"]
[SourceDate "2023.10.10"]
[SourceVersion "1"]
[SourceVersionDate "2023.10.10"]
[SourceQuality "1"]

1. d4 Nf6 2. Nf3 g6 3. g3 Bg7 4. Bg2 0-0 5. 0-0 d5 6. c4 dxc4 7. Na3 c3 8. bxc3 c5 9. Qb3 Nc6 10. Rd1 Ne4 11. Qb2 Qa5 12. Rd3 cxd4 13. cxd4 Qa6 14. Nb5 Qa5 15. Rb1 Bf5 16. Ra3 Qb6 17. Rb3 Be6 18. Re3 f5 19. Qc2 Qd8 20. Rd3 Rc8 21. Qa4 a6 22. Na3 Na5 23. Ra1 b5 24. Qd1 b4 25. Nc2 Nc3 26. Qe1 Nxa2 27. Nxb4 Rxc1 28. Rxc1 Nxc1 29. Qxc1 Qd6 30. Qa3 Rb8 31. Qxa5 Qxb4 32. Qa1 Bc4 33. Re3 Qb1+ 34. Qxb1 Rxb1+ 35. Bf1 Rb7 36. Kg2 a5 37. Ra3 Ra7 38. e3 Bd5 39. Ra4 Kh8 40. Be2 e6 41. Kf1 Bf8 42. Ne5 Rb7 43. Bc4 Rb1+ 44. Ke2 Rb2+ 45. Kf1 Be4 46. Rxa5 Rb1+ 47. Ke2 Bb4 48. f3 Bxa5 49. fxe4 fxe4 50. Bxe6 Rb2+ 51. Kf1 Rxh2 52. d5 Kg7 53. Nc4 Bb4 54. d6 Kf6 55. Bd5 Rc2 56. d7 Ke7 57. Ne5 Bd6 58. d8Q+ Kxd8 59. Nf7+ Ke7 60. Nxd6 Kxd6 61. Bxe4 Rb2 62. Bf3 Ke5 63. g4 Kf6 64. Be2 Kg5 65. Bf3 Kh4 66. Ke1 Kg3 67. Be2 Rxe2+ 68. Kxe2 Kxg4 69. Kf2 h5 70. Kg2 g5 71. Kf2 h4 72. Kg2 Kf5 73. Kf3 g4+ 74. Ke2 Ke4 75. Kf2 g3+ 76. Ke2 h3 77. Kf1 Kxe3 78. Kg1 g2 79. Kh2 Kf2 0-1

[Event "GRE-chT 49th"]
[Site "Thessaloniki"]
[Date "2022.08.13"]
[Round "2"]
[White "Ouzounis, Konstantinos Kyr"]
[Black "Antoniou, Rafail"]
[Result "1/2-1/2"]
[WhiteElo "1381"]
[BlackElo "1752"]
[PlyCount "65"]
[EventDate "2022.08.12"]
[EventType "team-swiss"]
[EventRounds "7"]
[EventCountry "GRE"]
[SourceTitle "EXT 2024"]
[Source "ChessBase"]
[SourceDate "2023.10.10"]
[SourceVersion "1"]
[SourceVersionDate "2023.10.10"]
[SourceQuality "1"]
[WhiteTeam "Xanthis"]
[BlackTeam "Kallithea"]
[WhiteTeamCountry "GRE"]
[BlackTeamCountry "GRE"]

1. d4 d5 2. c4 e6 3. Nf3 Nf6 4. g3 Be7 5. Bg2 0-0 6. 0-0 dxc4 7. Qc2 c6 8. a4 b6 9. Qxc4 Ba6 10. Qc2 Bb7 11. Rd1 Na6 12. Bg5 Qc8 13. Nc3 c5 14. Bxf6 Bxf6 15. e3 cxd4 16. exd4 Nb4 17. Qb3 Nd5 18. Nb5 Qd7 19. Ne5 Qe7 20. Rac1 a6 21. Nc7 Rad8 22. Nxd5 Bxd5 23. Bxd5 Rxd5 24. Qxb6 Bxe5 25. dxe5 Rxe5 26. Qxa6 Qb4 27. Rc8 Re1+ 28. Rxe1 Qxe1+ 29. Kg2 Qe4+ 30. Kh3 Qf5+ 31. Kg2 Qd5+ 32. Kf1 Qd1+ 33. Kg2 1/2-1/2

[Event "GRE-chT 49th"]
[Site "Thessaloniki"]
[Date "2022.08.12"]
[Round "1"]
[White "Ouzounis, Konstantinos Kyr"]
[Black "Karakasidis, Michail"]
[Result "0-1"]
[WhiteElo "1381"]
[BlackElo "1460"]
[PlyCount "120"]
[EventDate "2022.08.12"]
[EventType "team-swiss"]
[EventRounds "7"]
[EventCountry "GRE"]
[SourceTitle "EXT 2024"]
[Source "ChessBase"]
[SourceDate "2023.10.10"]
[SourceVersion "1"]
[SourceVersionDate "2023.10.10"]
[SourceQuality "1"]
[WhiteTeam "Xanthis"]
[BlackTeam "Alexanthroepoles Ethnikos"]
[WhiteTeamCountry "GRE"]
[BlackTeamCountry "GRE"]

1. d4 e6 2. c4 Nf6 3. Nf3 d5 4. g3 Bb4+ 5. Bd2 a5 6. a3 Be7 7. Bg2 0-0 8. Qc2 Nbd7 9. c5 c6 10. 0-0 b6 11. cxb6 Qxb6 12. Nc3 Ba6 13. Rfc1 Rfc8 14. Bg5 h6 15. Bxf6 Bxf6 16. e3 e5 17. dxe5 Nxe5 18. Nxe5 Bxe5 19. Na4 Qd8 20. Rab1 Bb5 21. Nc3 Rab8 22. Qf5 Qf6 23. Qxf6 Bxf6 24. Bh3 Bd3 25. Bxc8 Bxb1 26. Bd7 Bxc3 27. Rxc3 Rxb2 28. Bxc6 Be4 29. Rc1 Kf8 30. Rf1 Bf3 31. a4 Ke7 32. Rc1 Kd6 33. h3 Rd2 34. g4 g5 35. Kh2 Rd1 36. Rc3 Rh1+ 37. Kg3 d4 38. Rc4 Bxc6 39. Rxd4+ Kc5 40. f4 Ra1 41. fxg5 hxg5 42. h4 Rg1+ 43. Kf2 Rg2+ 44. Kf1 gxh4 45. Rf4 h3 46. Rf5+ Kb6 47. Rf6 Rxg4 48. Rh6 Kc5 49. Kf2 Bg2 50. Rh7 Kb4 51. Rxf7 h2 52. Rf4+ Rxf4+ 53. Kxg2 Re4 54. Kxh2 Rxe3 55. Kg2 Kc4 56. Kf2 Kd4 57. Kg2 Ke4 58. Kf2 Kf4 59. Kg2 Re2+ 60. Kf1 Kf3 0-1

[Event "GRE-chT U16"]
[Site "Thessaloniki"]
[Date "2021.12.18"]
[Round "4.3"]
[White "Ouzounis, Konstantinos Kyr"]
[Black "Linaras, Dimitrios"]
[Result "1-0"]
[WhiteElo "1290"]
[BlackElo "1087"]
[PlyCount "127"]
[EventDate "2021.12.16"]
[EventType "team-swiss"]
[EventRounds "6"]
[EventCountry "GRE"]
[SourceTitle "CBM 205 Extra"]
[Source "ChessBase"]
[SourceDate "2022.01.31"]
[SourceVersion "1"]
[SourceVersionDate "2022.01.31"]
[SourceQuality "1"]
[WhiteTeam "Xanthis"]
[BlackTeam "Kerkiras"]
[WhiteTeamCountry "GRE"]
[BlackTeamCountry "GRE"]

1. d4 d5 2. c4 c6 3. Nf3 Nf6 4. Nbd2 e6 5. g3 Bb4 6. a3 Ba5 7. Bg2 Nbd7 8. 0-0 Bc7 9. Qc2 0-0 10. Re1 e5 11. e4 dxe4 12. Nxe5 Bxe5 13. dxe5 Nxe5 14. Nxe4 Bf5 15. Bg5 Bxe4 16. Bxe4 Kh8 17. Qb3 Qd6 18. Rad1 Qe6 19. Bxf6 Qxf6 20. Bg2 Rab8 21. Rd2 b5 22. c5 Nc4 23. Rde2 Rbd8 24. Qf3 Qxf3 25. Bxf3 Rc8 26. Ra1 f6 27. b4 Ne5 28. Kg2 Ra8 29. Be4 Rfc8 30. a4 Rab8 31. f4 Ng6 32. axb5 Rxb5 33. Rxa7 Rxb4 34. Bxc6 h6 35. Be4 Nf8 36. c6 Ne6 37. Bf5 Rbb8 38. Bxe6 Rxc6 39. Bd5 Rd6 40. Ra8 Rbd8 41. Rxd8+ Rxd8 42. Bc6 g5 43. Re8+ Rxe8 44. Bxe8 Kg7 45. f5 Kf8 46. Bg6 Ke7 47. Kf3 Kf8 48. Ke4 Ke7 49. Kd5 Kd7 50. g4 Ke7 51. Kc6 Kf8 52. Kd7 Kg8 53. Ke6 Kf8 54. Kxf6 Kg8 55. Ke7 h5 56. Bxh5 Kg7 57. f6+ Kg8 58. f7+ Kh7 59. Bg6+ Kh6 60. f8Q+ Kxg6 61. Qf6+ Kh7 62. Qxg5 Kh8 63. Kf7 Kh7 64. Qh5# 1-0

[Event "GRE-ch U12"]
[Site "Patras"]
[Date "2021.09.05"]
[Round "9"]
[White "Benakis, Ioannis"]
[Black "Ouzounis, Konstantinos Kyr"]
[Result "1/2-1/2"]
[WhiteElo "1191"]
[BlackElo "1229"]
[PlyCount "65"]
[EventDate "2021.08.30"]
[EventType "swiss"]
[EventRounds "9"]
[EventCountry "GRE"]
[SourceTitle "EXT 2022"]
[Source "ChessBase"]
[SourceDate "2021.10.06"]
[SourceVersion "1"]
[SourceVersionDate "2021.10.06"]
[SourceQuality "1"]

1. d4 d5 2. Nf3 Nf6 3. e3 e6 4. Bd3 Nbd7 5. b3 c6 6. 0-0 Be7 7. Bb2 0-0 8. Nbd2 b6 9. Ne5 Bb7 10. f4 c5 11. Rf3 Ne4 12. Rh3 Ndf6 13. Nxe4 dxe4 14. Bb5 a6 15. Bc6 Bxc6 16. Nxc6 Qc7 17. Nxe7+ Qxe7 18. dxc5 bxc5 19. Qe1 Ng4 20. Rg3 f5 21. h3 Nf6 22. Bxf6 Qxf6 23. h4 Rac8 24. Rh3 c4 25. g3 cxb3 26. cxb3 Rc2 27. Rh2 Rfc8 28. Rxc2 Rxc2 29. Qd1 Qb2 30. Qd8+ Kf7 31. Qd7+ Kf6 32. Qd8+ Kg6 33. h5+ 1/2-1/2

[Event "GRE-ch U12"]
[Site "Patras"]
[Date "2021.09.01"]
[Round "4"]
[White "Boutikos, Eleftherios"]
[Black "Ouzounis, Konstantinos Kyr"]
[Result "1-0"]
[WhiteElo "1189"]
[BlackElo "1229"]
[PlyCount "89"]
[EventDate "2021.08.30"]
[EventType "swiss"]
[EventRounds "9"]
[EventCountry "GRE"]
[SourceTitle "EXT 2022"]
[Source "ChessBase"]
[SourceDate "2021.10.06"]
[SourceVersion "1"]
[SourceVersionDate "2021.10.06"]
[SourceQuality "1"]

1. e4 e5 2. d4 exd4 3. Qxd4 Nc6 4. Qe3 Qe7 5. Bd2 Nf6 6. Nc3 g6 7. 0-0-0 Bg7 8. f4 d6 9. h3 Be6 10. g4 0-0-0 11. Bb5 Bd7 12. Nf3 Rhe8 13. Rhe1 a6 14. Bc4 Ng8 15. Nd5 Qf8 16. Ng5 Nh6 17. Bc3 Be6 18. Nxh7 Qh8 19. Bxg7 Qxg7 20. Ng5 Na5 21. Bb3 Nxb3+ 22. Qxb3 Bxd5 23. Qxd5 Qf6 24. Qd2 Ng8 25. Nf3 Ne7 26. f5 Nc6 27. Qg5 Qxg5+ 28. Nxg5 f6 29. Nh7 gxf5 30. exf5 Rh8 31. Nxf6 Rxh3 32. Rg1 Ne5 33. g5 Rf8 34. g6 Rxf6 35. g7 Rxf5 36. g8Q+ Kd7 37. Rg7+ Kc6 38. Qd5+ Kb6 39. Qd4+ c5 40. Qxd6+ Nc6 41. Qd7 Rff3 42. Qxb7+ Ka5 43. Qxc6 Rf2 44. Qxc5+ Ka4 45. Rd4# 1-0

[Event "GRE-ch U12"]
[Site "Patras"]
[Date "2021.08.31"]
[Round "2"]
[White "Aliaj, Arntit"]
[Black "Ouzounis, Konstantinos Kyr"]
[Result "0-1"]
[WhiteElo "1013"]
[BlackElo "1229"]
[PlyCount "116"]
[EventDate "2021.08.30"]
[EventType "swiss"]
[EventRounds "9"]
[EventCountry "GRE"]
[SourceTitle "EXT 2022"]
[Source "ChessBase"]
[SourceDate "2021.10.06"]
[SourceVersion "1"]
[SourceVersionDate "2021.10.06"]
[SourceQuality "1"]

1. e4 e5 2. Nf3 Nc6 3. Bb5 a6 4. Bxc6 dxc6 5. h3 Bc5 6. 0-0 Qe7 7. d3 h6 8. Nc3 Nf6 9. a3 Bd7 10. b4 Bb6 11. Na4 c5 12. Nxb6 cxb6 13. bxc5 bxc5 14. Bb2 0-0 15. Bxe5 Nh7 16. Bh2 Ng5 17. Rb1 b5 18. Bg3 f5 19. exf5 Bxf5 20. Nh4 Bh7 21. Re1 Qf7 22. Qd2 Rae8 23. Qc3 Rc8 24. Re2 c4 25. d4 Qd5 26. Rbe1 Rcd8 27. Be5 Be4 28. Qg3 Bh7 29. Re3 Rd7 30. c3 Ne4 31. Qg4 Nxf2 32. Qe2 Rdf7 33. Nf3 Nxh3+ 34. gxh3 Rxf3 35. Qg2 R8f7 36. Bxg7 Rxg7 37. Re8+ Rf8 38. Rxf8+ Kxf8 39. Rf1+ Kg8 40. Qxg7+ Kxg7 41. Rf2 Be4 42. Kf1 Qg5 43. Re2 Bd3 44. Kf2 Bxe2 45. Kxe2 Qg2+ 46. Ke3 Qxh3+ 47. Ke4 Qxc3 48. d5 Qxa3 49. Kd4 c3 50. Kd3 Qc5 51. d6 Qxd6+ 52. Kxc3 Qa3+ 53. Kc2 Kf6 54. Kd2 Ke5 55. Ke2 Ke4 56. Kd1 Qb2 57. Ke1 Ke3 58. Kf1 Qf2# 0-1

[Event "EU-ch Amateur Online Final 1700/2000"]
[Site "Tornelo INT"]
[Date "2021.04.25"]
[Round "5"]
[White "Ouzounis, Konstantinos Kyr"]
[Black "Hernandez Campanioni, Modesto"]
[Result "0-1"]
[WhiteElo "1229"]
[BlackElo "1704"]
[PlyCount "126"]
[EventDate "2021.04.25"]
[EventType "swiss (rapid)"]
[EventRounds "9"]
[EventCountry "NET"]
[SourceTitle "EXT 2023"]
[Source "ChessBase"]
[SourceDate "2022.10.05"]
[SourceVersion "1"]
[SourceVersionDate "2022.10.05"]
[SourceQuality "1"]

1. d4 d5 2. c4 c6 3. Nf3 Nf6 4. g3 dxc4 5. Bg2 b5 6. 0-0 Bb7 7. a4 a6 8. Nc3 e6 9. Bf4 Bd6 10. Bxd6 Qxd6 11. Qc2 0-0 12. e3 Nbd7 13. Nd2 Qc7 14. Nde4 c5 15. Nxf6+ Nxf6 16. Bxb7 Qxb7 17. dxc5 Rad8 18. axb5 axb5 19. Ra5 b4 20. Rb5 Qc7 21. Rxb4 Qxc5 22. Rb5 Qc6 23. Ra5 Rd7 24. Rfa1 Rfd8 25. Ra6 Qf3 26. Qe2 Qxe2 27. Nxe2 Nd5 28. Nd4 Nb4 29. R6a4 e5 30. Rxb4 exd4 31. Rxc4 dxe3 32. fxe3 Rd2 33. b3 g6 34. Rc3 Rb2 35. Rac1 Rdd2 36. h4 Rg2+ 37. Kf1 Rxg3 38. e4 Rg4 39. R1c2 Rxc2 40. Rxc2 Rxe4 41. Rc4 Rxc4 42. bxc4 Kf8 43. Kf2 Ke7 44. Ke3 f5 45. Kf4 Kd6 46. h5 Kc5 47. Kg5 Kxc4 48. h6 Kd4 49. Kf6 f4 50. Kg7 f3 51. Kxh7 f2 52. Kxg6 f1Q 53. Kg7 Qg2+ 54. Kf7 Qf3+ 55. Kg7 Qg4+ 56. Kf7 Qh5+ 57. Kg7 Qg5+ 58. Kh7 Ke5 59. Kh8 Qxh6+ 60. Kg8 Qf4 61. Kh7 Qg5 62. Kh8 Kf6 63. Kh7 Qg7# 0-1

[Event "EU-ch Amateur Online Final 1700/2000"]
[Site "Tornelo INT"]
[Date "2021.04.25"]
[Round "7"]
[White "Ouzounis, Konstantinos Kyr"]
[Black "Padevet, Pavel"]
[Result "0-1"]
[WhiteElo "1229"]
[BlackElo "1722"]
[PlyCount "96"]
[EventDate "2021.04.25"]
[EventType "swiss (rapid)"]
[EventRounds "9"]
[EventCountry "NET"]
[SourceTitle "EXT 2023"]
[Source "ChessBase"]
[SourceDate "2022.10.05"]
[SourceVersion "1"]
[SourceVersionDate "2022.10.05"]
[SourceQuality "1"]

1. d4 f5 2. c4 Nf6 3. Nf3 e6 4. g3 Be7 5. Bg2 0-0 6. 0-0 d5 7. Qc2 c6 8. Nbd2 Ne4 9. Nxe4 fxe4 10. Nd2 Nd7 11. f3 exf3 12. Nxf3 Nf6 13. Bf4 Bd6 14. Bxd6 Qxd6 15. Ne5 Bd7 16. c5 Qe7 17. Qb3 Rab8 18. Rf2 Be8 19. Raf1 b6 20. cxb6 Rxb6 21. Qc3 Qb4 22. e3 Qxc3 23. bxc3 Rb7 24. Rc2 Nh5 25. Rxf8+ Kxf8 26. c4 Nf6 27. cxd5 cxd5 28. Bh3 Ke7 29. Nd3 Bg6 30. Rc3 Ne4 31. Rc1 Ng5 32. Bf1 Kd6 33. Ne5 Be4 34. Bg2 Bxg2 35. Kxg2 Rb2+ 36. Kg1 Rxa2 37. Rc6+ Ke7 38. Rc7+ Kf6 39. h4 Nh3+ 40. Kh1 Kf5 41. Rxg7 a5 42. Rxh7 a4 43. Rh5+ Ke4 44. Nc6 a3 45. Re5+ Kf3 46. Nb4 Nf2+ 47. Kg1 Ra1+ 48. Kh2 Rh1# 0-1

[Event "EU-ch Amateur Online 1700/2000"]
[Site "Tornelo INT"]
[Date "2021.04.24"]
[Round "4"]
[White "Blanchard, Samuel"]
[Black "Ouzounis, Konstantinos Kyr"]
[Result "1/2-1/2"]
[WhiteElo "1895"]
[BlackElo "1229"]
[PlyCount "130"]
[EventDate "2021.04.24"]
[EventType "swiss (rapid)"]
[EventRounds "8"]
[EventCountry "NET"]
[SourceTitle "EXT 2023"]
[Source "ChessBase"]
[SourceDate "2022.10.05"]
[SourceVersion "1"]
[SourceVersionDate "2022.10.05"]
[SourceQuality "1"]

1. e4 e5 2. Nc3 Nc6 3. Nf3 Bc5 4. Bc4 Nf6 5. d3 0-0 6. 0-0 d6 7. h3 h6 8. Na4 Bb6 9. Nxb6 axb6 10. a3 Be6 11. Qe2 Bxc4 12. dxc4 Nh7 13. c3 f5 14. exf5 Rxf5 15. Be3 Qe7 16. Rad1 Raf8 17. Nh2 Nf6 18. f3 Nd7 19. b4 e4 20. Bd4 exf3 21. Qxe7 Nxe7 22. Nxf3 Nc6 23. Rde1 R5f7 24. Rf2 Re7 25. Rfe2 Rxe2 26. Rxe2 Nf6 27. Bf2 Re8 28. Rxe8+ Nxe8 29. Nd4 Kf7 30. Nxc6 bxc6 31. Kf1 Nf6 32. a4 Ne4 33. Be1 Ke6 34. Ke2 d5 35. Kd3 Nd6 36. cxd5+ cxd5 37. Bg3 Nc4 38. Bxc7 Nb2+ 39. Kc2 Nxa4 40. Kb3 b5 41. Bd8 g6 42. Bh4 Kf5 43. Be1 Ke4 44. Kc2 h5 45. Bd2 Nb6 46. g4 hxg4 47. hxg4 Nc4 48. Bh6 Kf3 49. Kd3 Kxg4 50. Kd4 Kh5 51. Bc1 g5 52. Kxd5 g4 53. Bf4 Kg6 54. Kc5 Kf5 55. Bc7 Na3 56. Kd5 Nb1 57. Kd4 Na3 58. Bg3 Nb1 59. c4 bxc4 60. Kxc4 Ke6 61. b5 Kd7 62. Kc5 Nc3 63. Kb6 Nxb5 64. Kxb5 Ke6 65. Kc4 Kf5 1/2-1/2

[Event "EU-ch Amateur Online Final 1400/1700"]
[Site "Tornelo INT"]
[Date "2021.04.18"]
[Round "9"]
[White "Attinger, Roman Rae"]
[Black "Ouzounis, Konstantinos Kyr"]
[Result "1-0"]
[WhiteElo "1655"]
[BlackElo "1229"]
[PlyCount "67"]
[EventDate "2021.04.18"]
[EventType "swiss (rapid)"]
[EventRounds "9"]
[EventCountry "NET"]
[SourceTitle "EXT 2023"]
[Source "ChessBase"]
[SourceDate "2022.10.05"]
[SourceVersion "1"]
[SourceVersionDate "2022.10.05"]
[SourceQuality "1"]

1. d4 Nf6 2. Nc3 g6 3. e4 d6 4. Bg5 Bg7 5. Qd2 0-0 6. 0-0-0 Nbd7 7. Bh6 b6 8. h4 Nh5 9. g4 Bxh6 10. Qxh6 Ng7 11. Qe3 e5 12. Be2 Nf6 13. f3 exd4 14. Qxd4 h5 15. e5 Nfe8 16. exd6 Nxd6 17. Nb5 Ne6 18. Qe5 Qe7 19. gxh5 Nxb5 20. Qxb5 Nc5 21. hxg6 Ba6 22. gxf7+ Qxf7 23. Qb4 Qxa2 24. Qg4+ Kh8 25. Qd4+ Kg8 26. b4 Bxe2 27. Nxe2 Nb3+ 28. cxb3 Qxe2 29. Rhg1+ Kf7 30. Rg7+ Ke6 31. Qd7+ Ke5 32. Re7+ Kf4 33. Rxe2 Rh8 34. Qg4# 1-0

[Event "EU-ch Amateur Online Final 1400/1700"]
[Site "Tornelo INT"]
[Date "2021.04.18"]
[Round "7"]
[White "Caceres Benitez, Arturo Eduardo"]
[Black "Ouzounis, Konstantinos Kyr"]
[Result "1/2-1/2"]
[WhiteElo "1620"]
[BlackElo "1229"]
[PlyCount "129"]
[EventDate "2021.04.18"]
[EventType "swiss (rapid)"]
[EventRounds "9"]
[EventCountry "NET"]
[SourceTitle "EXT 2023"]
[Source "ChessBase"]
[SourceDate "2022.10.05"]
[SourceVersion "1"]
[SourceVersionDate "2022.10.05"]
[SourceQuality "1"]

1. c4 c6 2. Nc3 Nf6 3. g3 d5 4. cxd5 cxd5 5. e3 e6 6. Bg2 Nbd7 7. Nge2 Be7 8. 0-0 0-0 9. d4 b6 10. b3 Bb7 11. Bb2 Rc8 12. Rc1 Ba6 13. Re1 Bb4 14. a3 Bxc3 15. Bxc3 Bxe2 16. Rxe2 a5 17. Rec2 h6 18. b4 axb4 19. Bxb4 Rxc2 20. Rxc2 Re8 21. Qc1 Qb8 22. Rc7 b5 23. Bf1 Qb6 24. Bd3 Nb8 25. Rc8 Na6 26. Qc6 Qxc6 27. Rxc6 Nxb4 28. axb4 Rb8 29. Rc5 Nd7 30. Rxb5 Rxb5 31. Bxb5 Nb6 32. Bc6 Kf8 33. Kg2 Ke7 34. Kf3 Kd6 35. b5 Nc4 36. e4 Nd2+ 37. Ke3 Nxe4 38. f3 Nf6 39. g4 Ng8 40. f4 Ne7 41. Be8 f6 42. b6 g5 43. fxg5 hxg5 44. Kf3 Nc6 45. b7 Nb8 46. Bf7 e5 47. dxe5+ Kxe5 48. Ke3 d4+ 49. Kf3 f5 50. gxf5 Kxf5 51. h3 Ke5 52. Bg6 Kf6 53. Bd3 Nc6 54. Ke4 Ke6 55. b8Q Nxb8 56. Kxd4 Kf6 57. Ke4 Nd7 58. Ke3 Ne5 59. Be2 Kg6 60. Kf2 Kf5 61. Kg3 Kg6 62. h4 gxh4+ 63. Kxh4 Kh6 64. Bd1 Nf3+ 65. Bxf3 1/2-1/2

[Event "EU-ch Amateur Online Final 1400/1700"]
[Site "Tornelo INT"]
[Date "2021.04.18"]
[Round "1"]
[White "Oikonomopoulos, Filippos"]
[Black "Ouzounis, Konstantinos Kyr"]
[Result "1/2-1/2"]
[WhiteElo "1574"]
[BlackElo "1229"]
[PlyCount "200"]
[EventDate "2021.04.18"]
[EventType "swiss (rapid)"]
[EventRounds "9"]
[EventCountry "NET"]
[SourceTitle "EXT 2023"]
[Source "ChessBase"]
[SourceDate "2022.10.05"]
[SourceVersion "1"]
[SourceVersionDate "2022.10.05"]
[SourceQuality "1"]

1. d4 Nf6 2. c4 g6 3. Nc3 Bg7 4. e4 d6 5. Bg5 Nbd7 6. Be2 0-0 7. f3 e5 8. d5 Re8 9. g4 h6 10. Be3 b6 11. Qd2 Kh7 12. h4 h5 13. g5 Ng8 14. Kf2 Nc5 15. Bd1 Ba6 16. b4 Nd7 17. Qd3 Bb7 18. Ba4 a5 19. a3 Rf8 20. Bc6 Bxc6 21. dxc6 axb4 22. cxd7 bxc3 23. Qxc3 Qxd7 24. Ne2 Qc6 25. Qb4 Ra4 26. Qb5 Rxc4 27. Qxc6 Rxc6 28. Rhc1 Rxc1 29. Rxc1 c5 30. Nc3 Ra8 31. Nb5 Bf8 32. Rc4 Ra5 33. a4 Ra8 34. Nc7 Rc8 35. Nd5 Rb8 36. Nc7 Ne7 37. Rc2 Nc6 38. Nd5 Ra8 39. Nxb6 Ra6 40. Nd7 Kg7 41. Ra2 Nb4 42. Ra3 Nc2 43. Ra2 Nb4 44. Ra3 Nc6 45. Nxf8 Kxf8 46. Ke2 Na7 47. Kd3 Ke7 48. Kc4 Nc8 49. Bd2 Kd7 50. Kb5 Ra8 51. Kc4 Nb6+ 52. Kb5 Kc7 53. a5 Nd7 54. a6 Ra7 55. Ba5+ Kb8 56. Kc6 Nf8 57. Rb3+ Ka8 58. Rb6 Ne6 59. Kxd6 Nd8 60. Kxc5 Rc7+ 61. Kd6 Ra7 62. Kxe5 Ne6 63. Kf6 Nc7 64. Rc6 Nxa6 65. Rc8+ Nb8 66. Rf8 Rxa5 67. Kxf7 Ra6 68. Rg8 Ra3 69. Rxg6 Rxf3+ 70. Ke6 Rf4 71. e5 Rxh4 72. Kf5 Rh1 73. e6 Re1 74. Kf6 Nc6 75. Rg8+ Kb7 76. Rg7+ Kc8 77. e7 Kd7 78. g6 Rf1+ 79. Kg5 Rh1 80. Kf6 h4 81. Rh7 Rf1+ 82. Kg5 Nxe7 83. g7 Ke8 84. Rh8+ Kf7 85. Rf8+ Kxg7 86. Rxf1 Nd5 87. Kxh4 Ne3 88. Rg1+ Kf7 89. Kg5 Nc4 90. Rg4 Nd6 91. Rf4+ Kg7 92. Kg4 Kg6 93. Ra4 Kf7 94. Ra7+ Ke6 95. Kf4 Kd5 96. Ra6 Nc4 97. Kf5 Ne3+ 98. Kf4 Nc4 99. Kf3 Kc5 100. Rc6+ Kxc6 1/2-1/2

[Event "EU-ch Amateur Online 1400/1700"]
[Site "Tornelo INT"]
[Date "2021.04.17"]
[Round "7"]
[White "Ouzounis, Konstantinos Kyr"]
[Black "Dusanek, Michal"]
[Result "1/2-1/2"]
[WhiteElo "1229"]
[BlackElo "1561"]
[PlyCount "122"]
[EventDate "2021.04.17"]
[EventType "swiss (rapid)"]
[EventRounds "8"]
[EventCountry "NET"]
[SourceTitle "EXT 2023"]
[Source "ChessBase"]
[SourceDate "2022.10.05"]
[SourceVersion "1"]
[SourceVersionDate "2022.10.05"]
[SourceQuality "1"]

1. d4 Nf6 2. c4 g6 3. Nf3 Bg7 4. g3 0-0 5. Bg2 c6 6. 0-0 d5 7. b3 Bf5 8. Bb2 Re8 9. Nbd2 Qc7 10. Rc1 Qd8 11. Re1 Nbd7 12. cxd5 cxd5 13. Ne5 Nxe5 14. dxe5 Ng4 15. Nf3 Nh6 16. Rc5 Be4 17. Ng5 Bxg2 18. Kxg2 e6 19. Nf3 Rc8 20. Rxc8 Qxc8 21. Qc1 Nf5 22. Qxc8 Rxc8 23. Rc1 Rxc1 24. Bxc1 Ne7 25. Bb2 Nc6 26. e3 Kf8 27. Ba3+ Ke8 28. Bd6 h6 29. Kf1 Bf8 30. Bxf8 Kxf8 31. Ke2 Ke7 32. Kd3 Kd7 33. e4 Nb4+ 34. Kd4 dxe4 35. Nd2 e3 36. Kxe3 Nxa2 37. Ne4 Kc6 38. Kd3 Nb4+ 39. Kc4 Nd5 40. f4 b5+ 41. Kd3 a5 42. Nd6 f6 43. Nf7 fxe5 44. Nxe5+ Kc5 45. Nxg6 a4 46. bxa4 bxa4 47. Kc2 Kd4 48. Ne5 Ke3 49. Kb2 Kf2 50. Ng4+ Kg2 51. Nxh6 Kxh2 52. g4 Nxf4 53. Ka3 e5 54. Kxa4 e4 55. Nf5 Nd5 56. Kb3 e3 57. Nxe3 Nxe3 58. g5 Nf5 59. Kc4 Kg3 60. Kd5 Kg4 61. Ke5 Kxg5 1/2-1/2